Statistics for Most Urbanized Countries by Continent

Click here to take the quiz!

General Stats

  • This quiz has been taken 423 times
  • The average score is 19 of 30

Answer Stats

Answer% Correct
North America82.7United States
88%
North America81.6Canada
84%
Asia100Singapore
84%
South America87.1Brazil
82%
Oceania86.2Australia
81%
Asia91.8Japan
81%
Europe100Monaco
81%
Europe100Vatican City
80%
South America92.1Argentina
79%
Oceania86.7New Zealand
79%
South America87.7Chile
77%
Europe97.5San Marino
74%
South America95.5Uruguay
73%
South America88.3Venezuela
67%
Asia99.2Qatar
64%
Oceania100Nauru
61%
Oceania81Palau
58%
North America83.2Bahamas
55%
North America82.5Dominican Republic
55%
Asia100Kuwait
52%
Europe94.7Malta
51%
Asia92.6Israel
50%
Oceania77.8Marshall Islands
47%
Africa73.7Algeria
43%
Europe98.1Belgium
42%
North America80.8Costa Rica
41%
Africa78.1Djibouti
39%
Africa80.7Libya
39%
Africa74.4São Tomé and Príncipe
37%
Africa90.1Gabon
23%

Score Distribution

Percentile by Number Answered

Percent of People with Each Score

Your Score History

You have not taken this quiz